Представление документа в формате MARC21

Поле Инд. ПП Название Значение
Тип записи a
Библиографический уровень m
001 Контрольный номер RU/IS/BASE/337446163
005 Дата корректировки 20150513113555.1
020 a ISBN 978-5-9916-0894-7 (Юрайт)
a ISBN 978-5-9692-0998-5 (ИД Юрайт)
040 a Служба первич. каталог. НБ ТвГУ
b Код языка каталог. rus
e Правила каталог. PSBO
041 0_ a Код языка текста rus
080 a Индекс УДК 32.001(100)(091)(075.8)
080 a Индекс УДК 34(100)(091)(075.8)
084 a Индекс другой классификации/Индекс ББК Ф1(0)я73-1
084 a Индекс другой классификации/Индекс ББК Х1(0)я73-1
090 a Полочн. индекс Ф1(0)
x Авторский знак М 37
100 1_ a Автор Мачин Игорь Федорович
q Полное имя Мачин И. Ф.
245 10 a Заглавие История политических и правовых учений
b Продолж. заглавия учебное пособие : для студентов вузов, обучающихся по направлению 021100 (030501) "Юриспруденция", по специальностям 021100 (030501) "Юриспруденция", 030500 (521400) "Юриспруденция (бакалавр)"
260 a Место издания Москва
b Издательство Юрайт
b Издательство ИД Юрайт
c Дата издания 2011
300 a Объем 412 с.
b Иллюстрации/ тип воспроизводства табл.
440 a Серия Учебно-методическое объединение рекомендует
440 _0 a Серия Основы наук
504 a Библиография Библиогр.: с. 411-412 (41 назв.) и в подстроч. примеч.
520 a Аннотация Данное учебное пособие призвано помочь студентам обнаружить и самостоятельно продумать основные политические и правовые идеи, высказанные западными и российскими мыслителями начиная с древности и до нашего времени. Знакомство с этим курсом позволит приобрести опыт критического осмысления политических и правовых институтов различных обществ.
В целях лучшего усвоения материал каждой главы логически структурирован и отформатирован для качественного визуального восприятия.
653 a Ключевые слова История политических учений
a Ключевые слова История политической мысли
a Ключевые слова История правовых учений
a Ключевые слова Политическая мысль
a Ключевые слова Политические учения
a Ключевые слова Право
a Ключевые слова Правовые учения
a Ключевые слова Учебники для вузов
910 a гриф есть**
920 a Оператор Густ
930 a Новая/Ретро учебники
952 c Вид литературы К ру
954 a Дата поступления на обработку 20100913